The path to prosperity

Bibliographic Details
Main Author: Allen, James
Corporate Author: Title
Format: Book
Published: Selangor : Masterpiece Publication , 2006
Subjects:

MARC

LEADER 00000cam a2200000 7i4500
001 0000012361
005 20150201.0
008 071213
020 |a 9833710425 
090 0 0 |a 158.1   |b ALL 
100 1 |a Allen, James 
245 1 4 |a The path to prosperity   |c James Allen 
260 |a Selangor :   |b Masterpiece Publication ,   |c 2006 
650 0 |a English fiction 
650 0 |a New thought 
710 0 |a Title 
999 |a 0001003840   |b Book   |c Adult Collection   |e Perbadanan Perpustakaan Awam Johor 
999 |a 0001011225   |b Book   |c Adult Collection   |e Cawangan Bandar Penawar 
999 |a 0001011226   |b Book   |c Adult Collection   |e Cawangan Tmn. Ungku Tun Aminah 
999 |a 0001011227   |b Book   |c Adult Collection   |e Perbadanan Perpustakaan Awam Johor 
999 |a 0001011229   |b Book   |c Adult Collection   |e Perbadanan Perpustakaan Awam Johor 
999 |a 0001020229   |b Book   |c Adult Collection   |e Cawangan Segamat 
999 |a 0001020231   |b Book   |c Adult Collection   |e Cawangan Bandar Penawar 
999 |a 0001057935   |b Book   |c Adult Collection   |e Cawangan Segamat